BBS/BBA/BBM entrance examination : (Record no. 135683)
[ view plain ]
| 000 -LEADER | |
|---|---|
| fixed length control field | 00717nam a22002177a 4500 |
| 005 - DATE AND TIME OF LATEST TRANSACTION | |
| control field | 20170124110248.0 |
| 010 ## - LIBRARY OF CONGRESS CONTROL NUMBER | |
| LC control number | B-010180 |
| 020 ## - INTERNATIONAL STANDARD BOOK NUMBER | |
| Terms of availability | 180.00 |
| 035 ## - SYSTEM CONTROL NUMBER | |
| System control number | B-010180 |
| 037 ## - SOURCE OF ACQUISITION | |
| Source of stock number/acquisition | Cen Lib/Ret |
| 040 ## - CATALOGING SOURCE | |
| Original cataloging agency | DPL |
| Language of cataloging | EN |
| 082 ## - DEWEY DECIMAL CLASSIFICATION NUMBER | |
| Classification number | 000 |
| Item number | ARO |
| 100 ## - MAIN ENTRY--PERSONAL NAME | |
| Personal name | Arora, R.S. |
| 9 (RLIN) | 36341 |
| 245 ## - TITLE STATEMENT | |
| Title | BBS/BBA/BBM entrance examination : |
| Remainder of title | bachelor of business studies management / |
| Statement of responsibility, etc | by R.S.Arora |
| 260 ## - PUBLICATION, DISTRIBUTION, ETC. (IMPRINT) | |
| Name of publisher, distributor, etc | Ramesh Publishing House |
| Place of publication, distribution, etc | New Delhi |
| Date of publication, distribution, etc | 2001 |
| 270 ## - ADDRESS | |
| City | New Delhi |
| Address | 12-H, New Daryaganj Road, Opp.Traffic Kotwali |
| Postal code | 110002 |
| 300 ## - PHYSICAL DESCRIPTION | |
| Extent | various pagings |
| Dimensions | 22cm(Hb) |
| 650 ## - SUBJECT ADDED ENTRY--TOPICAL TERM | |
| Topical term or geographic name as entry element | Examination guide -- BBA |
| 9 (RLIN) | 98026 |
| 650 ## - SUBJECT ADDED ENTRY--TOPICAL TERM | |
| Topical term or geographic name as entry element | Examination guide -- BBM |
| 9 (RLIN) | 98027 |
| 942 ## - ADDED ENTRY ELEMENTS (KOHA) | |
| Source of classification or shelving scheme | Dewey Decimal Classification |
| Koha item type | English Books |
| Classification part | 000 |
| Call number suffix | ARO |
| Withdrawn status | Lost status | Damaged status | Not for loan | Home library | Current library | Date acquired | Source of acquisition | Cost, normal purchase price | Total Checkouts | Full call number | Barcode | Date last seen | Copy number | Cost, replacement price | Price effective from | Koha item type |
|---|---|---|---|---|---|---|---|---|---|---|---|---|---|---|---|---|
| Central Library | Central Library | 07/10/2015 | Cen Lib/Ret | 180.00 | 000 ARO | B-010180 | 07/10/2015 | 1 | 180.00 | 07/10/2015 | English Books |
